000 00328nam a2200121Ia 4500
003 GCL
008 140319s9999 xx 000 0 eng d
040 _aGCL /
_cGCL
082 0 4 _a150
_bZ P
100 1 _aZIMBARDO, PHILIP
245 1 0 _aPSYCHOLOGY /
_cZIMBARDO, PHILIP
260 _a[S.N] :
_bHARPER COLLINS COLLEGE PUBLISBERS ،
_c1994
999 _c11717
_d11717